Statistiques concernant Les batailles napoléoniennes

Cliquez ici pour prendre le quiz!

Statistiques générales

  • Ce quiz a été pris 778 fois
  • Le résultat moyen est 10 sur 20

Statistiques - réponses

DateBataille% Correct
18 juin 1815Waterloo
95%
2 décembre 1805Austerlitz
94%
14 octobre 1806Iéna
79%
5-6 juillet 1809Wagram
64%
21 octobre 1805Trafalgar
58%
15-17 novembre 1796Arcole
56%
14 juin 1800Marengo
55%
8 février 1807Eylau
54%
16-19 octobre 1813Leipzig
54%
14 juin 1807Friedland
50%
20 octobre 1805Ulm
49%
21 juillet 1798Pyramides
48%
7 septembre 1812Moskova
37%
1 août 1798Aboukir (navale)
35%
25 juillet 1799Aboukir (terrestre)
35%
14 janvier 1797Rivoli
35%
21-22 mai 1809Essling
26%
12 avril 1796Montenotte
15%
11 février 1814Montmirail
15%
16 avril 1799Mont Thabor
12%

Distribution des résultats

Percentile par nombre de réponses

% des personnes avec chaque résultat

Votre développement - résultats

Vous n’avez pas pris ce quiz